[Event "EU-ch 11th"]
[Site "Rijeka"]
[Date "2010.03.16"]
[Round "10"]
[White "Tregubov, Pavel V"]
[Black "Oleksienko, Mikhailo"]
[Result "1/2-1/2"]
[WhiteElo "2625"]
[BlackElo "2525"]
[Annotator "Postny,E"]
[PlyCount "78"]
[EventDate "2010.03.06"]
[EventType "swiss"]
[EventRounds "11"]
[EventCountry "CRO"]
[SourceTitle "CBM 136"]
[Source "ChessBase"]
[SourceDate "2010.05.18"]
[SourceVersion "1"]
[SourceVersionDate "2010.05.18"]
[SourceQuality "1"]

1. d4 d5 2. Nf3 Nf6 3. c4 c6 4. Nc3 dxc4 5. a4 Bf5 6. Nh4 Bg4 {This is a rare
line, 6...e6 and 6...Bc8 are far more common.} 7. h3 Bh5 8. g4 Bg6 9. g5 {
I doubt that this straightforward move can yield White an advantage. Your
annotator also had an experience in this line.} (9. Nxg6 hxg6 10. e3 e6 11.
Bxc4 Nbd7 12. Bf1 $1 {A typical manoeuvre. The bishop goes to g2 where it will
protect the white king in general and Ph3 in particular, which will allow
White to castle safely.} Bb4 13. Bg2 Nd5 14. O-O $1 Nxc3 15. bxc3 Bxc3 16. Rb1
Rb8 17. Ba3 $36 {1-0 Postny,E (2598)-Pilaj,H (2383)/Bad Wiessee 2007/CBM 121
Extra (39)}) 9... Nd5 10. Nxg6 hxg6 11. e4 Nb4 12. Be3 (12. Bxc4 $2 Qxd4 $1 $17
) 12... Nd3+ $6 $146 {A dubious idea. Black should keep the knight on b4, as
the fork on c2 is always in the offing. Therefore, the immediate 12...e5,
undermining White's centre, is far more effective.} (12... e5 13. Bxc4 (13. d5
cxd5 14. exd5 Rh4 15. a5 N8a6 16. Ra4 Bd6 17. Rg1 Kf8 18. Rg4 Rxg4 19. Qxg4
Nc2+ 20. Kd2 Nxe3 21. fxe3 Bb4 22. Bxc4 Bxc3+ 23. Kxc3 Nc5 24. Ra1 b5 25. axb6
Qxb6 $15 {1/2-1/2 Damljanovic,B (2596)-Solak,D (2595)/Vrsac 2008/CBM 127 (44)})
13... exd4 14. Qb3 Qc7 15. Bxd4 N8a6 16. Bxa6 Nxa6 17. O-O-O Nc5 18. Qc2 Ne6 {
Only White is the one, who should be concerned in view of his numerous defects
in the pawn structure.} 19. Be3 Bd6 20. Ne2 a6 {1/2-1/2 Ponomariov,R (2710)
-Grischuk,A (2704)/Mallorca 2004/CBM 104}) 13. Bxd3 cxd3 14. Qxd3 e5 15. O-O-O
$1 {White should be ready to sacrifice a pawn for quick development. This is
the only way to punish Black for his somewhat extravagant play.} (15. d5 $5 Na6
16. O-O-O Bc5 17. Kb1 Qd6 {is not so much for White.} 18. Qe2 {yields a solid
but slight plus for White, but not more than that.}) 15... exd4 16. Bxd4 Qxg5+
17. Kb1 Qe7 (17... Nd7 18. Bxg7 $1 Nc5 19. Qd4 Bxg7 20. Qxg7 $16) 18. e5 $2 {
The right idea, but the wrong interpretation.} (18. Bc5 $1 Qc7 19. Bxf8 Rxf8
20. Qc4 $1 {[%cal Gc3b5,Gb5d6]} (20. e5 $6 Nd7 21. e6 Nc5 22. exf7+ Rxf7 23.
Qxg6 Qf4 24. Rhg1 Qf5+ $1 25. Qxf5 Rxf5 26. Rxg7 Kf8 $14) 20... Na6 21. e5 $16
{with ideas of e5-e6 and Rd1-d6. Black's king is stuck in the centre forever.})
18... Na6 19. e6 (19. Ne4 $2 Qe6 $17 {[%cal Ga6b4]}) 19... O-O-O {Black has
completed development just in time; now he can look forward optimistically.}
20. Rhe1 Rh4 (20... c5 $2 21. Qc4 {is very risky for Black.}) 21. f4 Rxf4 22.
Qe3 Rh4 (22... Rf5 $1 23. Bxa7 (23. Qg3 b6 24. exf7 Qxf7 $19) 23... Rxd1+ 24.
Nxd1 (24. Rxd1 Qxe6 25. Bb6 Nc7 $19) 24... Qxe6 25. Qxe6+ fxe6 26. Rxe6 Nc7 27.
Rxg6 Ra5 $17) 23. Qf2 fxe6 24. Be5 Rxd1+ $2 {Unnecessarily giving the d-file
into White's hands.} (24... Rh5 $1 {Very cold-blooded, but seems to work.} 25.
Rxd8+ (25. Qxa7 Rxd1+ 26. Nxd1 Rxe5 27. Rxe5 Qd6 28. Re1 Qd3+ 29. Ka1 Nb4 {
and Black is the one that has an attack.}) 25... Qxd8 26. Qxa7 Qd3+ 27. Ka1 Nc7
$17) 25. Rxd1 {Now Black will have to give up a piece to avoid the worst.} Rh5
26. Bd6 Qf6 27. Qxf6 gxf6 28. Bxf8 Rxh3 {Materially Black is still better, but
White is still in possession of an initiative.} 29. Ne4 $6 (29. Rg1 g5 30. Ne4
Rf3 31. Bg7 {could yield White some winning chances.}) 29... f5 30. Nd6+ Kc7
31. Nc4 b5 32. Bd6+ Kb7 33. axb5 cxb5 34. Ne5 g5 35. Be7 Re3 36. Rd7+ {White
has no more than a perpetual check.} Kc8 37. Rd8+ Kc7 38. Rd7+ Kc8 39. Rd8+ Kc7
1/2-1/2

[Event "Rohde op 10th"]
[Site "Sautron"]
[Date "2010.10.27"]
[Round "6"]
[White "Lalic, Bogdan"]
[Black "Prohaszka, Peter"]
[Result "1/2-1/2"]
[WhiteElo "2495"]
[BlackElo "2529"]
[Annotator "Primel,D"]
[PlyCount "47"]
[EventDate "2010.10.23"]
[EventType "swiss"]
[EventRounds "9"]
[EventCountry "FRA"]
[SourceTitle "EXT 2012"]
[Source "ChessBase"]
[SourceDate "2011.11.24"]
[SourceVersion "1"]
[SourceVersionDate "2011.11.24"]
[SourceQuality "1"]

1. c4 c6 2. d4 d5 3. Nf3 Nf6 4. Nc3 dxc4 5. a4 Bf5 6. Ne5 (6. e3) 6... Nbd7 (
6... Na6 7. e3 $14) 7. Nxc4 Nb6 (7... Qc7 8. g3 {[%cal Gc1f4]} e5 9. dxe5 Nxe5
10. Bf4 Nfd7 11. Bg2 g5 12. Ne3 (12. Bxe5) 12... gxf4 13. Nxf5 O-O-O 14. Qc2
Ng6 15. Rc1 Kb8 16. O-O fxg3 17. hxg3 h5 18. b4 h4 19. b5 cxb5 20. Nxb5 Qxc2
21. Rxc2 Nc5 $132) 8. Ne5 {[%cal Ga4a5]} a5 9. g3 (9. Rg1 $5 {[%cal Gg2g4];
Mamedyarov,S (2721)-Kindermann,S (2529) EU-chT (Men) 17th 2009 (1) 1-0}) (9. f3
{La grande ligne}) 9... e6 (9... Nfd7 $5 10. Nxd7 Qxd7 11. e4 $14 {Aronian,L 
(2759)-Carlsen,M (2693) Wch Candidates sf 2007 (1.6) 1/2}) 10. Bg2 Bb4 11. O-O
O-O (11... h6 12. Re1 $5 $146 {[%cal Ge2e4]} (12. f3 $11 {Vescovi,G (2648)
-Anand,V (2782) Sao Paulo rapid 2004 (7) 0-1}) (12. e4 Bh7 {[%csl Gd4,Ge4,Rh7]}
(12... Bxc3 13. bxc3 Bxe4 14. Bxe4 Nxe4 15. Re1 (15. Qg4 Nf6 16. Qxg7 Rh7)
15... Nf6 (15... Nxc3 $4 16. Qf3) 16. Ba3 $44 {[%csl Re8]}))) 12. e3 h6 (12...
Nfd7 $5) 13. Qe2 {[%cal Ge3e4,Gf1d1]} Bh7 (13... Nfd7 14. Nxd7 Nxd7 15. e4 $14
{Lalic,B (2495)-Rogic,D (2591) CRO-chT1A 19th 2010 (3) 1/2}) 14. Rd1 Nbd7 (
14... Nfd7 15. Nd3 $1 $14 {[%csl Gc5,Ge5][%cal Gd3b4];Kramnik,V (2725)-Short,N
(2665) Novgorod 1994 (8) 1/2}) (14... Qe7 15. e4 Nfd7 16. Bf4 (16. Nd3) 16...
Rac8 17. Nd3 $14) 15. Nxd7 Nxd7 16. e4 Qe7 17. Be3 Rfd8 ({RR} 17... e5 18. d5
Nf6 19. Rac1 Rfc8 20. dxc6 Rxc6 21. Nd5 Nxd5 22. exd5 Rxc1 23. Rxc1 Bf5 24. Bb6
Rc8 25. Rxc8+ Bxc8 26. Qc4 Bf5 27. b3 e4 28. h3 h5 29. h4 Kf8 30. Qb5 Qd7 31.
Qxd7 Bxd7 32. Bxe4 {Lalic,B (2531)-Jakovljevic,V (2446)/Zadar 2008/CBM 127
Extra/1/2-1/2 (45)}) 18. d5 ({RR} 18. Rac1 Nf6 19. f3 Ne8 20. Qf2 Nc7 21. Ne2
Na6 22. Nf4 Bd6 23. Bf1 Nb4 24. Bc4 Rd7 25. Nd3) 18... exd5 ({RR} 18... Rac8)
19. exd5 Rac8 20. dxc6 $146 (20. Rac1 {Bareev,E (2714)-Sokolov,I (2706) Corus
Wijk aan Zee 2004 (11) 1-0}) 20... bxc6 21. Bf4 (21. Bh3 $1 {[%cal Gh3c8]} Bxc3
(21... Rb8 22. Bf4 $1 Qxe2 23. Nxe2 Rb7 24. Rac1 $36) (21... Ra8 22. Rd4 {
[%csl Rd7,Rd8,Rg7,Rh6][%cal Ga1d1,Gd4g4]} (22. Bxh6 $5 {[%csl Rd7]} Qxe2 23.
Nxe2 Ne5 24. Be3 Nc4 25. Bd4) 22... Ne5 23. Rad1 Rxd4 24. Bxd4 (24. Rxd4) 24...
Nd3 25. Qxe7 Bxe7 26. Rd2 Rb8) 22. bxc3 Rb8 23. Qa6 Ne5 24. Rxd8+ (24. Qxa5 {
[%csl Ga4][%cal Ga4a8]}) 24... Rxd8 25. Bg2) 21... Qxe2 22. Nxe2 Nc5 {[%csl
Gb3,Gd3]} (22... g5 $5 {[%cal Gg8g7]}) 23. Nd4 Be4 (23... g5) 24. Bxe4 1/2-1/2

[Event "Rohde op 09th"]
[Site "Sautron"]
[Date "2009.10.28"]
[Round "6"]
[White "Agrest, Evgenij"]
[Black "Colovic, Aleksandar"]
[Result "1-0"]
[WhiteElo "2588"]
[BlackElo "2441"]
[Annotator "Primel,D"]
[PlyCount "71"]
[EventDate "2009.10.24"]
[EventType "swiss"]
[EventRounds "9"]
[EventCountry "FRA"]
[SourceTitle "EXT 2010"]
[Source "ChessBase"]
[SourceDate "2010.11.25"]
[SourceVersion "1"]
[SourceVersionDate "2010.11.25"]
[SourceQuality "1"]

1. Nf3 d5 2. d4 Nf6 3. c4 c6 4. Nc3 dxc4 5. a4 Bf5 6. Ne5 (6. e3) (6. Nh4) 6...
Nbd7 7. Nxc4 Nb6 (7... Qc7 {[%cal Ge7e5]} 8. g3 {[%cal Gc1f4]} e5) 8. Ne5 a5 9.
e3 (9. g3) 9... g6 {Les alternatives sont plus passives} (9... e6 10. g4 $14) (
9... h6 10. f3 $14 {[%cal Ge3e4,Ge4f5]}) 10. Bd3 (10. g4 $5 {Pogorelov,R (2453)
-Peralta,F (2478) La Pobla de Lillet op 12th 2002 (4) 1-0}) (10. f3 {[%csl Rf5]
[%cal Ge3e4]}) 10... Bxd3 (10... Be6 $5 11. O-O Bg7 12. f4 {[%cal Gf4f5]} Nfd7
13. Nf3 $1 O-O 14. e4 $14 {[%csl Gd4,Ge4,Gf4];Wojtaszek,R (2637)-Georgiev,K 
(2645) ESP-chT Div 1 Gr-A 2009 (1) 1/2}) 11. Nxd3 $14 {[%csl Gc5,Gd3]} Bg7 (
11... Nbd5 {L'alternative est plus passive} 12. Qb3 Qb6 13. Qxb6 Nxb6 14. Ke2
$1 $14 {Ivanisevic,I (2614)-Perunovic,M (2572) Boskovic Memorial 3-4th 2009 (6.
1) 1-0}) 12. O-O O-O 13. Qb3 {[%csl Rb6,Rb7]} Nfd7 {[%cal Gd7b6,Ge7e5]} 14. Ne2
(14. f4) 14... e5 (14... Nf6) 15. Nxe5 {Une nouveauté dans cet ordre de coups
mais après 16.de5 , c'est une simple transposition de coups} Nxe5 16. dxe5 Bxe5
{[%csl Ge3][%cal Ge3e4] le P central des blancs donne un léger avantage dans
le millieu de partie.} 17. e4 $14 {[%cal Gf2f4]} Qc7 18. f4 $146 {[%csl Ge4,
Gf4]} (18. Bh6 Rfe8 19. f4 Bg7 20. Bxg7 Kxg7 21. Ng3 Nd7 22. Qc3+ Kg8 23. e5
Qb6+ 24. Rf2 Nc5 25. Rc1 Nb3 26. Re1 f5 27. exf6 Qb4 28. Re5 Qxc3 29. bxc3 Rxe5
30. fxe5 Nc5 31. Rf4 b5 32. Ne4 Nxe4 {Jobava,B (2637)-Dominguez,L (2658)/
Havana 2005/CBM 107/1-0 (54)}) (18. Be3 {[%cal Ge3b6]} Nd7 (18... Bxh2+ $2 19.
Kh1 Nd7 20. f4 {[%csl Rh2]}) 19. f4 {Jobava,B (2637)-Nogueiras Santiago,J 
(2533) Capablanca Memorial Elite 40th 2005 (14) 1-0}) 18... Bd6 19. Be3 {
[%cal Ge4e5]} Nd7 20. Rac1 {[%csl Gc5]} (20. e5 $143) 20... b6 {[%csl Rb6,Rc6]
Un peu douteux mais les noirs voulaient protéger la case "c5"} (20... Bb4) 21.
e5 Bc5 22. Nd4 Rfe8 23. Nf3 (23. Bf2) 23... Qa7 24. Kh1 Rad8 $6 (24... Bxe3 25.
Qxe3 Nc5) 25. Ng5 {[%csl Rf7]} Re7 26. Rcd1 (26. e6 $5 $40) 26... Rf8 27. Bc1
Kg7 $2 28. e6 (28. f5 $18 {[%csl Rg7][%cal Gf5f6]} f6 29. exf6+ Nxf6 30. Ne6+)
28... Nf6 29. exf7 Ne4 30. Ne6+ Rxe6 31. Qxe6 Nf2+ 32. Rxf2 Bxf2 33. b4 c5 34.
Bb2+ Bd4 35. Rxd4 cxd4 36. Bxd4+ 1-0

[Event "Rohde op 08th"]
[Site "Sautron"]
[Date "2008.10.26"]
[Round "2"]
[White "Lafuente, Pablo"]
[Black "Bensdorp, Marlies"]
[Result "1-0"]
[WhiteElo "2522"]
[BlackElo "2303"]
[Annotator "RR"]
[PlyCount "73"]
[EventDate "2008.10.25"]
[EventType "swiss"]
[EventRounds "9"]
[EventCountry "FRA"]
[SourceTitle "EXT 2009"]
[Source "ChessBase"]
[SourceDate "2008.11.26"]
[SourceVersion "1"]
[SourceVersionDate "2008.11.26"]
[SourceQuality "1"]

1. d4 d5 2. c4 c6 3. Nf3 Nf6 4. Nc3 dxc4 5. a4 Bf5 6. Ne5 (6. e3) 6... Nbd7 7.
Nxc4 Nb6 (7... Qc7) 8. Ne5 a5 (8... e6 9. a5) 9. g3 (9. f3 Nfd7 10. Nxd7 Nxd7
11. e4 $14 {Gruenenwald,J (2325)-Huebner,R (2605) SUI-chT Switzerland 1994 (2)
0-1}) 9... e6 10. Bg2 Bb4 11. O-O O-O 12. e3 h6 13. Qe2 {[%cal Ge3e4]} Bh7 14.
Rd1 Qc7 $6 $146 {Après Rc1, la Qc7 sera assez exposée} (14... Nfd7 $142 15. Nd3
Qe7 16. e4 e5 17. Nxe5 Nxe5 18. dxe5 Bc5 19. Be3 Bxe3 20. Qxe3 Nc4 21. Qe2 Nxe5
22. f4 Nd7 23. Rd4 Rfd8 24. Rad1 Nc5 25. Qe3 Rxd4 26. Rxd4 Nb3 ({RR} 26... f6
27. Bf3 Bg6) 27. Rd1 Re8 28. e5 Qc5 29. Qxc5 {Gelfand,B (2720)-Wang Yue (2704)/
Sochi 2008/CBM 126/[Ftacnik]/0-1 (54)}) (14... Qe7 $142 15. e4 Rfd8 {
Kasimdzhanov,R (2672)-Granda Zuniga,J (2647) Donostia-A San Sebastian 2009 (6)
1-0}) 15. e4 {[%cal Gc1f4]} Rad8 16. Bf4 $1 $14 {[%cal Gf4c7]} Qc8 {[%csl Rc8]
Une triste nécessité} 17. Nd3 $16 {[%csl Gc5]} Be7 (17... Rxd4 $2 18. Be3 {
[%csl Rb6,Rd4][%cal Ge3b6]}) 18. Rac1 g5 19. Be3 Nc4 20. e5 Nd5 21. Ne4 Ncxe3
22. fxe3 {[%cal Gd3c5,Ge4d6]} Kg7 23. Rf1 $1 {[%csl Gf6]} f5 24. exf6+ Nxf6 25.
Nd2 Qc7 26. Nc4 Ne4 (26... Nd7) 27. Nce5 Bd6 28. Qg4 $40 Bf5 29. Qh5 Nf6 30.
Qe2 Ne4 31. Rf3 Qe7 32. Rcf1 Bxe5 $6 (32... Rf6) 33. Nxe5 Nd6 $6 $138 34. Qe1
Qc7 35. R3f2 Qb6 $2 (35... Nf7) 36. g4 Bh7 37. Rxf8 1-0

[Event "Cappelle op 31st"]
[Site "Cappelle la Grande"]
[Date "2015.03.02"]
[Round "4"]
[White "Vazquez Igarza, Renier"]
[Black "Blomqvist, Erik"]
[Result "1-0"]
[WhiteElo "2592"]
[BlackElo "2521"]
[Annotator "RR"]
[PlyCount "67"]
[EventDate "2015.02.28"]
[EventType "swiss"]
[EventRounds "9"]
[EventCountry "FRA"]
[SourceTitle "EXT 2016"]
[Source "ChessBase"]
[SourceDate "2015.10.08"]
[SourceVersion "1"]
[SourceVersionDate "2015.10.08"]
[SourceQuality "1"]

1. Nf3 d5 2. d4 Nf6 3. c4 c6 4. Nc3 dxc4 5. a4 Bf5 6. Ne5 (6. e3) (6. Nh4) 6...
Nbd7 7. Nxc4 Qc7 (7... Nb6) 8. Qd2 {Une ligne secondaire} (8. g3 e5 9. dxe5
Nxe5 10. Bf4 Nfd7 11. a5 f6 12. a6 b5 13. Ne3 Bg6 14. Bg2 Rd8 15. O-O Nc5 16.
Qe1 Bd6 17. b4 Ncd7 18. Rc1 Nc4 19. Bxd6 Qxd6 20. Nxc4 bxc4 21. Rd1 Qxb4 22.
Bxc6 Qb6 23. Rd6 Ke7 24. Nd5+ Kxd6 25. Nxb6 Nxb6 26. Bb5 Ke6 27. Qb4 Rd4 28. e3
Rd5 29. Bxc4 Nxc4 30. Qxc4 Bd3 31. Qg4+ {1-0 (31) Postny,E (2645)-Romanov,E 
(2613) Fagernes 2015}) 8... e6 (8... g6 9. f3 e5 10. e4 exd4 11. Ne2 Be6 {
Mikhalevski,V (2566)-Bareev,E (2701) Turin ol (Men) 37th 2006 (13) 1-0} (11...
a5 $146 {[%csl Rd2,Re1][%cal Gf8b4,Gb4e1] Une nouveauté proposée par le GMI
AVRUKH dans sa monographie consacrée à la slave})) 9. Qf4 {L'idée de la
variante pour surcontrôler la case "e5"} Qxf4 10. Bxf4 Nb6 11. Nd6+ Bxd6 12.
Bxd6 Nbd5 $6 $146 {Il s'agissait de la seconde ronde de la journée et la
nouveauté a probablement été trouvée devant l'échiquier} (12... O-O-O 13.
Bc5 Kb8 14. f3 Nc8 15. e4 Bg6 16. Rd1 Rd7 17. Ne2 Rhd8 18. Bb4 Ne8 19. g4 f5
20. gxf5 exf5 21. Bh3 fxe4 22. Bxd7 Rxd7 23. fxe4 Bxe4 24. O-O Nf6 25. a5 Rd5
26. Be1 Nd6 27. Bg3 Rg5 28. Nf4 Bf5 29. d5 h5 30. Ne6 Rxg3+ 31. hxg3 Nxd5 32.
Nxg7 Bg4 33. Rf8+ Kc7 34. Re1 Kd7 35. b3 b6 36. axb6 axb6 37. Re5 Bd1 38. Nxh5
Bxb3 39. g4 Bd1 40. Rg8 Nc4 41. Reg5 b5 42. Ng3 {Olszewski,M (2559)
-Boguslavsky,O (2442) Nuremberg 2009 1/2-1/2 (70)}) 13. f3 $1 Ne3 14. Kf2 Nxf1
15. Rhxf1 $36 Nd5 16. e4 $14 Nxc3 17. bxc3 Bg6 {le Bg6 va manquer d'activité
face au fort centre Blanc} 18. a5 (18. Rab1 O-O-O 19. Bc5 b6) 18... O-O-O 19.
Bc5 Kb8 20. Ke3 $1 f6 21. f4 h5 22. e5 $1 Rd7 23. Rf2 Bf5 24. Bd6+ $36 Kc8 25.
c4 h4 26. Ra3 $1 Rh5 27. Rb3 g5 {Les Noirs tentent de trouver du contre-jeu
mais c'est probablement un affaiblissement} 28. c5 fxe5 (28... gxf4+ 29. Kxf4)
29. fxe5 a6 $2 30. d5 $1 cxd5 31. c6 Rg7 32. Rfb2 Rhh7 33. Rb6 Bg6 34. Rxa6 1-0

[Event "Moscow Aeroflot op-A1"]
[Site "Moscow"]
[Date "2008.02.15"]
[Round "2"]
[White "Nguyen, Ngoc Truong Son"]
[Black "Predojevic, Borki"]
[Result "1-0"]
[WhiteElo "2551"]
[BlackElo "2641"]
[Annotator "Reeh,O"]
[PlyCount "63"]
[EventDate "2008.02.14"]
[EventType "swiss"]
[EventRounds "9"]
[EventCountry "RUS"]
[SourceTitle "CBM 123"]
[Source "ChessBase"]
[SourceDate "2008.04.02"]
[SourceVersion "1"]
[SourceVersionDate "2008.04.02"]
[SourceQuality "1"]

1. d4 d5 2. c4 c6 3. Nf3 Nf6 4. Nc3 dxc4 5. a4 Bf5 6. Ne5 Nbd7 7. Nxc4 Qc7 8.
g3 e5 9. dxe5 Nxe5 10. Bf4 Nfd7 11. Bg2 g5 12. Ne3 gxf4 13. Nxf5 O-O-O 14. Qc2
Ng6 15. O-O Kb8 16. Rfc1 a5 17. b4 axb4 18. Nb5 Qe5 19. Nbd4 Bc5 20. Nb3 fxg3
21. hxg3 h5 $1 22. Rab1 ({The bishop on c5 was indirectly defended: Der Läufer
auf c5 war indirekt gedeckt:} 22. Nxc5 Nxc5 {, and now , und nun scheitert} 23.
Qxc5 $2 {fails to an} {[%tqu "En","How would you play with Black?","The white
queen is protected by the rook on c1.","Deflection...!?","d8d1","Yep!  This
check wins material since the white rook c1 can't give up the defence of the
queen c5, and after 24.Kh2 Qxc5 25.Rxc5 Rxa1 Black is an exchange up.",10,"De",
"Wie würden Sie mit Schwarz spielen?","Die weiße Dame wird vom Turm auf c1
gedeckt.","Ablenkung...!?","d8d1","Jawoll!  Diese Schach gewinnt Material,
denn der weiße Turm c1 darf die Deckung der Dame auf c5 nicht aufgeben, und
nach 24.Kh2 Dxc5 25.Txc5 Txa1 hat Schwarz eine Qualität mehr.",10]} Rd1+ $1 {
winning. mit Gewinn.}) 22... Ba7 23. e3 h4 $6 {Recklessly pushing his own
attack. Treibt rücksichtslos den eigenen Angriff voran.} (23... Ne7 {was more
cautious. war vorsichtiger.}) 24. Nbd4 Bxd4 25. Nxd4 c5 {Maybe Black had
relied on this move, but... Vielleicht hatte sich Schwarz auf diesen Zug
verlassen, aber...} {[%tqu "En","With his last move Black has tried to seal
the queenside. How would you continue?","The move ...c5 has increased the
scope of the Bg2.","Find a move which opens lines on the queenside.","b1b4",
"The first step to victory! This powerful sacrifice opens the c-file.   I
guess you have already seen how White wins after the rook is captured?",15,
"De","Mit seinem letzten Zug hat Schwarz versucht, den Damenflügel zu
versiegeln. Wie würden Sie fortsetzen?","Der Zug ...c5 hat den Spielraum des
Lg2 vergrößert.","Finden Sie einen Zug, der Linien am Damenflügel öffnet.",
"b1b4","Der erste Schritt zum Sieg! Dieses kraftvolle Opfer öffnet die c-Linie.
Sie haben wohl schon gesehen, wie Weiß gewinnt, nachdem der Turm geschlagen
wird?",15]} 26. Rxb4 $1 {Ripping open the c-file and clearing the view for the
white queen. Reißt die c-Linie auf und verschafft der weißen Dame freie Sicht.}
cxb4 {[%tqu "En","What was the point of White's sacrifice on the previous
move?","It would be nice to create a battery of queen and bishop on the long
diagonal...","","d4c6","Super!  If this knight is captured, White builds up a
deadly battery on the diagonal g2-a8 with queen and bishop.",10,"De","Wie
lautet die Pointe des weißen Opfers im vorigen Zug?","Es wäre schön, eine
Batterie von Dame und Läufer auf der langen Diagonalen zu bewerksteligen...",
"","d4c6","Super!  Wenn dieser Springer geschlagen wird, kommt Weiß zu einer
tödlichen Batterie auf der Diagonalen g2-a8 mit Dame und Läufer.",10]} 27. Nc6+
$1 {The point - White conquers the black queen. Die Pointe - Weiß erobert die
schwarze Dame.} Ka8 (27... bxc6 28. Qxc6 {and the queen-bishop battery on the
long diagonal decides the game, e.g. und die Dame-Läufer-Batterie auf der
langen Diagonalen entscheidet die Partie, z.B.} Nc5 29. Qb6+ Kc8 30. Qb7#) 28.
Nxe5 Ndxe5 29. a5 h3 30. a6 hxg2 31. axb7+ Ka7 32. Qc5+ 1-0